Pokemon Ultra-Quiz - Generation 1-4 (001-493) - Statistiken

Allgemein
  • Dieses Quiz wurde 1.481 mal gespielt
  • Das Durchschnittsergebnis liegt bei 362 aus 493
Antwortstatistiken
Number Antwort % Korrekt
001 Bisasam
98%
003 Bisaflor
97%
002 Bisaknosp
97%
006 Glurak
97%
004 Glumanda
96%
005 Glutexo
96%
007 Schiggy
96%
009 Turtok
95%
010 Raupy
94%
008 Schillok
94%
012 Smettbo
94%
016 Taubsi
94%
025 Pikachu
93%
026 Raichu
93%
018 Tauboss
93%
015 Bibor
92%
013 Hornliu
92%
011 Safcon
92%
017 Tauboga
92%
020 Rattikarl
91%
022 Ibitak
90%
014 Kokuna
90%
019 Rattfratz
90%
133 Evoli
89%
021 Habitak
89%
134 Aquana
88%
024 Arbok
88%
135 Blitza
88%
136 Flamara
88%
151 Mew
88%
034 Nidoking
88%
031 Nidoqueen
88%
030 Nidorina
88%
033 Nidorino
88%
094 Gengar
87%
074 Kleinstein
87%
146 Lavados
87%
092 Nebulak
87%
095 Onix
87%
023 Rettan
87%
145 Zapdos
87%
093 Alpollo
86%
144 Arktos
86%
125 Elektek
86%
130 Garados
86%
076 Geowaz
86%
129 Karpador
86%
126 Magmar
86%
150 Mewtu
86%
149 Dragoran
85%
152 Endivie
85%
075 Georok
85%
042 Golbat
85%
068 Machomei
85%
036 Pixi
85%
077 Ponita
85%
143 Relaxo
85%
041 Zubat
85%
063 Abra
84%
059 Arkani
84%
148 Dragonir
84%
147 Dratini
84%
239 Elekid
84%
078 Gallopa
84%
064 Kadabra
84%
066 Machollo
84%
067 Maschock
84%
052 Mauzi
84%
197 Nachtara
84%
172 Pichu
84%
035 Piepi
84%
039 Pummeluff
84%
065 Simsala
84%
208 Stahlos
84%
155 Feurigel
83%
058 Fukano
83%
160 Impergator
83%
158 Karnimani
83%
040 Knuddeluff
83%
131 Lapras
83%
153 Lorblatt
83%
081 Magnetilo
83%
393 Plinfa
83%
196 Psiana
83%
111 Rihorn
83%
251 Celebi
82%
113 Chaneira
82%
387 Chelast
82%
050 Digda
82%
051 Digdri
82%
044 Duflor
82%
255 Flemmli
82%
252 Geckarbor
82%
045 Giflor
82%
250 Ho-Oh
82%
106 Kicklee
82%
249 Lugia
82%
082 Magneton
82%
154 Meganie
82%
392 Panferno
82%
390 Panflam
82%
062 Quappo
82%
060 Quapsel
82%
112 Rizeros
82%
028 Sandamer
82%
027 Sandan
82%
123 Sichlor
82%
142 Aerodactyl
81%
258 Hydropi
81%
169 Iksbat
81%
395 Impoleon
81%
069 Knofensa
81%
257 Lohgock
81%
467 Magbrant
81%
107 Nockchan
81%
122 Pantimos
81%
173 Pii
81%
061 Quaputzi
81%
124 Rossana
81%
110 Smogmog
81%
053 Snobilikat
81%
120 Sterndu
81%
260 Sumpex
81%
100 Voltobal
81%
037 Vulpix
81%
138 Amonitas
80%
483 Dialga
80%
132 Ditto
80%
466 Elevoltek
80%
244 Entei
80%
054 Enton
80%
254 Gewaldro
80%
156 Igelavar
80%
240 Magby
80%
484 Palkia
80%
391 Panpyro
80%
071 Sarzenia
80%
109 Smogon
80%
128 Tauros
80%
070 Ultrigaria
80%
055 Entoron
79%
471 Glaziola
79%
118 Goldini
79%
383 Groudon
79%
097 Hypno
79%
087 Jugong
79%
086 Jurob
79%
140 Kabuto
79%
115 Kangama
79%
101 Lektrobal
79%
056 Menki
79%
043 Myrapla
79%
057 Rasaff
79%
384 Rayquaza
79%
253 Reptain
79%
212 Scherox
79%
396 Staralili
79%
398 Staraptor
79%
121 Starmie
79%
245 Suicune
79%
157 Tornupto
79%
159 Tyracroc
79%
038 Vulnona
79%
139 Amoroso
78%
119 Golking
78%
256 Jungglut
78%
141 Kabutops
78%
137 Porygon
78%
243 Raikou
78%
117 Seemon
78%
072 Tentacha
78%
073 Tentoxa
78%
096 Traumato
78%
399 Bidiza
77%
048 Bluzuk
77%
389 Chelterrar
77%
248 Despotar
77%
079 Flegmon
77%
487 Giratina
77%
382 Kyogre
77%
080 Lahmus
77%
462 Magnezone
77%
049 Omot
77%
127 Pinsir
77%
108 Schlurp
77%
276 Schwalbini
77%
116 Seeper
77%
088 Sleima
77%
089 Sleimok
77%
397 Staravia
77%
175 Togepi
77%
400 Bidifas
76%
085 Dodri
76%
084 Dodu
76%
470 Folipurba
76%
242 Heiteira
76%
163 Hoothoot
76%
229 Hundemon
76%
098 Krabby
76%
448 Lucario
76%
405 Luxtra
76%
090 Muschas
76%
394 Pliprin
76%
186 Quaxo
76%
377 Regirock
76%
277 Schwalboss
76%
480 Selfe
76%
114 Tangela
76%
493 Arceus
75%
091 Austos
75%
491 Darkrai
75%
228 Hunduster
75%
099 Kingler
75%
105 Knogga
75%
380 Latias
75%
381 Latios
75%
404 Luxio
75%
102 Owei
75%
083 Porenta
75%
269 Pudox
75%
247 Pupitar
75%
378 Regice
75%
379 Registeel
75%
464 Rihornior
75%
315 Roselia
75%
482 Tobutz
75%
176 Togetic
75%
481 Vesprit
75%
161 Wiesor
75%
373 Brutalanda
74%
388 Chelcarain
74%
386 Deoxys
74%
237 Kapoera
74%
221 Keifel
74%
406 Knospi
74%
103 Kokowei
74%
246 Larvitar
74%
446 Mampfaxo
74%
185 Mogelbaum
74%
164 Noctuh
74%
267 Papinella
74%
046 Paras
74%
233 Porygon2
74%
236 Rabauz
74%
447 Riolu
74%
407 Roserade
74%
230 Seedraking
74%
403 Sheinux
74%
215 Sniebel
74%
265 Waumpel
74%
162 Wiesenior
74%
349 Barschwa
73%
182 Blubella
73%
174 Fluffeluff
73%
238 Kussilla
73%
350 Milotic
73%
241 Miltank
73%
259 Moorabbel
73%
439 Pantimimi
73%
047 Parasek
73%
279 Pelipper
73%
492 Shaymin
73%
468 Togekiss
73%
200 Traunfugil
73%
278 Wingull
73%
263 Zigzachs
73%
181 Ampharos
72%
488 Cresselia
72%
282 Guardevoir
72%
485 Heatran
72%
385 Jirachi
72%
371 Kindwurm
72%
281 Kirlia
72%
445 Knakrack
72%
199 Laschoking
72%
376 Metagross
72%
474 Porygon-Z
72%
486 Regigigas
72%
104 Tragosso
72%
280 Trasla
72%
356 Zwirrklop
72%
372 Draschel
71%
261 Fiffyen
71%
362 Firnontor
71%
408 Koknodon
71%
198 Kramurx
71%
270 Loturzel
71%
473 Mamutel
71%
490 Manaphy
71%
375 Metang
71%
220 Quiekel
71%
266 Schaloko
71%
179 Voltilamm
71%
180 Waaty
71%
440 Wonneira
71%
477 Zwirrfinst
71%
355 Zwirrlicht
71%
264 Geradaks
70%
272 Kappalores
70%
443 Kaumalat
70%
262 Magnayen
70%
195 Morlord
70%
268 Panekon
70%
361 Schneppke
70%
461 Snibunna
70%
374 Tanhel
70%
429 Traunmagil
70%
202 Woingenau
70%
168 Ariados
69%
330 Libelldra
69%
227 Panzaeron
69%
489 Phione
69%
479 Rotom
69%
273 Samurzel
69%
275 Tengulist
69%
357 Tropius
69%
320 Wailmer
69%
321 Wailord
69%
167 Webarak
69%
193 Yanma
69%
274 Blanas
68%
323 Camerupt
68%
194 Felino
68%
478 Frosdedje
68%
475 Galagladi
68%
444 Knarksel
68%
430 Kramshef
68%
170 Lampi
68%
183 Marill
68%
307 Meditie
68%
311 Plusle
68%
409 Rameidon
68%
218 Schneckmag
68%
363 Seemops
68%
306 Stolloss
68%
305 Stollrak
68%
304 Stollunior
68%
465 Tangoloss
68%
336 Vipitis
68%
310 Voltenso
68%
333 Wablu
68%
365 Walraisa
68%
346 Wielie
68%
334 Altaria
67%
348 Armaldo
67%
184 Azumarill
67%
418 Bamelin
67%
419 Bojelin
67%
287 Bummelz
67%
322 Camaub
67%
360 Isso
67%
295 Krawumms
67%
289 Letarking
67%
345 Liliep
67%
271 Lombrero
67%
226 Mantax
67%
308 Meditalis
67%
312 Minun
67%
299 Nasgnet
67%
366 Perlu
67%
410 Schilterus
67%
335 Sengo
67%
214 Skaraborn
67%
192 Sonnflora
67%
319 Tohaido
67%
347 Anorith
66%
411 Bollterus
66%
425 Driftlon
66%
453 Glibunkel
66%
201 Icognito
66%
171 Lanturn
66%
438 Mobai
66%
288 Muntier
66%
358 Palimpalim
66%
223 Remoraid
66%
460 Rexblisar
66%
364 Seejong
66%
191 Sonnkern
66%
329 Vibrava
66%
469 Yanmega
66%
359 Absol
65%
298 Azurill
65%
412 Burmy
65%
431 Charmian
65%
293 Flurmel
65%
309 Frizelbliz
65%
328 Knacklion
65%
417 Pachirisu
65%
207 Skorgla
65%
338 Sonnfel
65%
454 Toxiquak
65%
178 Xatu
65%
367 Aalabyss
64%
413 Burmadame
64%
190 Griffel
64%
286 Kapilz
64%
285 Knilz
64%
165 Ledyba
64%
337 Lunastein
64%
219 Magcargo
64%
177 Natu
64%
224 Octillery
64%
324 Qurtel
64%
368 Saganabyss
64%
459 Shnebedeck
64%
432 Shnurgarst
64%
340 Welsar
64%
302 Zobiris
64%
426 Drifzepeli
63%
416 Honweisel
63%
318 Kanivanha
63%
294 Krakeelo
63%
442 Kryppuk
63%
166 Ledian
63%
296 Makuhita
63%
463 Schlurplek
63%
339 Schmerbe
63%
434 Skunkapuh
63%
476 Voluminas
63%
415 Wadribie
63%
402 Zirpeise
63%
401 Zirpurze
63%
354 Banette
62%
234 Damhirplex
62%
303 Flunkifer
62%
203 Girafarig
62%
297 Hariyama
62%
342 Krebutack
62%
292 Ninjatom
62%
369 Relicanth
62%
353 Shuppet
62%
472 Skorgro
62%
331 Tuska
62%
205 Forstellka
61%
187 Hoppspross
61%
352 Kecleon
61%
433 Klingplim
61%
341 Krebscorps
61%
370 Liebiskus
61%
291 Ninjask
61%
332 Noktuska
61%
204 Tannza
61%
217 Ursaring
61%
424 Ambidiffel
60%
436 Bronzel
60%
232 Donphan
60%
300 Eneco
60%
351 Formeo
60%
283 Gehweiher
60%
458 Mantirps
60%
414 Moterpel
60%
189 Papungha
60%
231 Phanpy
60%
428 Schlapor
60%
216 Teddiursa
60%
455 Venuflibis
60%
313 Volbeat
60%
225 Botogel
59%
437 Bronzong
59%
301 Enekoro
59%
235 Farbeagle
59%
427 Haspiror
59%
188 Hubelupf
59%
290 Nincada
59%
452 Piondragi
59%
451 Pionskora
59%
441 Plaudagei
59%
422 Schalellos
59%
206 Dummisel
58%
210 Granbull
58%
449 Hippopotas
58%
450 Hippoterus
58%
314 Illumise
58%
344 Lepumentas
58%
284 Maskeregen
58%
327 Pandir
58%
209 Snubbull
58%
456 Finneon
57%
423 Gastrodon
57%
420 Kikugi
57%
421 Kinoso
57%
457 Lumineon
56%
343 Puppance
56%
222 Corasonn
55%
213 Pottrott
55%
029 Nidoran ♀
54%
032 Nidoran ♂
54%
317 Schlukwech
54%
316 Schluppuck
54%
435 Skunktank
54%
211 Baldorfish
53%
325 Spoink
51%
326 Groink
50%
Keine übereinstimmenden Quizze gefunden
Verteilung der Resultate
Anzahl Personen mit jedem Resultat
Perzentil nach korrekt beantworteten Fragen
Ihre Resultats-Entwicklung
Sie haben dieses Quiz noch nicht gespielt